000 00930nam a2200205Ia 4500
001 a1413-35435
003 IT-MiCISF
008 161014s9999||||xx |||||||||||||| ||und||
040 _aIT-MiCISF
_cIT-MiCISF
041 _ait
100 _aSivelli Beppe
245 0 _aViaggio nella coppia
_bRacconti di ieri e di oggi
250 _a1a ed.
260 _aAssisi (PG)
_bCittadella
_c2002
300 _app. 136
500 _a / coppia, relazione-di-coppia, comunicazione / Un piccolo e semplice libro dove, nella prima parte, sono riportate riflessioni scritte con semplicità su storie che da sempre l'umanità si racconta (l'A. riporta il racconto di alcuni miti, come ad esempio quelli di Narciso e di Armonia). La seconda parte è un invito alla riflessione sul vissuto della coppia attraverso alcuni test, giochi, esercitazioni.
650 _a Relazione di coppia / coppia
_e002
942 _cBK
957 _71
999 _a35435
_bsi
_g1
_c217823
_d217823